| 000 | 00982nas a2200337 4500 | ||
|---|---|---|---|
| 001 | BR0205898 | ||
| 003 | BR-BrBNA | ||
| 005 | 20231205103420.0 | ||
| 007 | ta | ||
| 008 | 230509b bl.|||p| |||| 00| 00por d | ||
| 040 |
_aBR-BrBNA _bpor _cBiblioteca Nacional de Agricultura |
||
| 041 | _a(Pt) | ||
| 072 | _aF03; F30 | ||
| 100 | 1 | _aFreire Filho, F.R. | |
| 100 | 1 | _aRibeiro, V.Q. | |
| 100 | 1 | _aRocha, M. de M. | |
| 100 | 1 | _aLopes, A.C. de A. | |
| 245 | 1 | _aAdaptabilidade e estabilidade da produtividade de grãos de linhagens de caupi de porte enramador | |
| 650 | _aFEIJÃO DE CORDA | ||
| 650 | _aSEMENTE | ||
| 650 | _aTESTE DE SEMENTES | ||
| 650 | _aARADURA | ||
| 650 | _aVARIEDADE | ||
| 650 | _aSELEÇÃO | ||
| 650 | _aECOLOGIA | ||
| 650 | _aMODELO MATEMÁTICO | ||
| 650 | _aPIAUÍ | ||
| 773 | 0 |
_tRevista Ceres (Brazil) _xISSN 0034-737X _g(Jul-Aug 2002), v. 49(284) p. 383-393 _wBR0205898 |
|
| 909 |
_a202311 _bLúcia _c55 _dLúcia Elande |
||
| 942 |
_2AGRIS _n0 _cANA |
||
| 999 |
_c172735 _d172735 |
||